<?xml version="1.0" encoding="UTF-8"?>
<record
    xmlns:xsi="http://www.w3.org/2001/XMLSchema-instance"
    xsi:schemaLocation="http://www.loc.gov/MARC21/slim http://www.loc.gov/standards/marcxml/schema/MARC21slim.xsd"
    xmlns="http://www.loc.gov/MARC21/slim">

  <leader>00754nam a2200169Ia 4500</leader>
  <controlfield tag="008">120622s9999    xx            000 0 und d</controlfield>
  <datafield tag="020" ind1=" " ind2=" ">
    <subfield code="a">968-810-510-4</subfield>
  </datafield>
  <datafield tag="082" ind1=" " ind2=" ">
    <subfield code="a">327.7208 S572s</subfield>
  </datafield>
  <datafield tag="245" ind1=" " ind2=" ">
    <subfield code="a">Santiago Sierra : la diplomacia mexicana en America del sur y la guerra del Pacifico, 1878-1879 / presentacion y comp. Celia Wu Brading</subfield>
  </datafield>
  <datafield tag="260" ind1=" " ind2=" ">
    <subfield code="a">Mexico : Secretaria de Relaciones Exteriores</subfield>
  </datafield>
  <datafield tag="300" ind1=" " ind2=" ">
    <subfield code="a">114 p.</subfield>
  </datafield>
  <datafield tag="440" ind1=" " ind2=" ">
    <subfield code="a">Archivo Historico Diplomatico Mexicano</subfield>
  </datafield>
  <datafield tag="500" ind1=" " ind2=" ">
    <subfield code="a">Incluye bibliografia</subfield>
  </datafield>
  <datafield tag="600" ind1=" " ind2=" ">
    <subfield code="a">1. SIERRA, SANTIAGO - CRITICA TEXTUAL</subfield>
  </datafield>
  <datafield tag="650" ind1=" " ind2=" ">
    <subfield code="a">2. MEXICO - RELACIONES EXTERIORES - AMERICA DEL SUR \ 3. AMERICA DEL SUR - RELACIONES EXTERIORES - MEXICO \ 4. GUERRA DEL PACIFICO - 1878-1879</subfield>
  </datafield>
  <datafield tag="651" ind1=" " ind2=" ">
    <subfield code="a">Wu Brading, Celia ; comp.&#xCC;</subfield>
  </datafield>
  <datafield tag="952" ind1=" " ind2=" ">
    <subfield code="0">0</subfield>
    <subfield code="1">0</subfield>
    <subfield code="4">0</subfield>
    <subfield code="7">0</subfield>
    <subfield code="a">01</subfield>
    <subfield code="b">01</subfield>
    <subfield code="d">2007-01-25</subfield>
    <subfield code="l">0</subfield>
    <subfield code="o">327.7208 S572S</subfield>
    <subfield code="p">01 009251</subfield>
    <subfield code="r">2012-06-24</subfield>
    <subfield code="w">2012-06-24</subfield>
    <subfield code="y">LB</subfield>
  </datafield>
  <datafield tag="999" ind1=" " ind2=" ">
    <subfield code="c">59344</subfield>
    <subfield code="d">59344</subfield>
  </datafield>
</record>
